000 00335 a2200157 4500
001 176294
020 _a
040 _cMagnum
100 _aEsperidiao, Ivone Mussa
240 1 0 _aOs metais e o homem
_lpor
245 1 0 _aOs metais e o homem
362 0 _a1899
440 1 _aÁtica
697 _aMAGNITO: PARADIDATICO
942 _cBK
999 _c176294
_d176294